Countries Closest to Belgium - 30 Second Sprint - Statistics

General Stats
  • This quiz has been taken 83 times
  • The average score is 10 of 20
Answer Stats
km country miles % Correct
0 Germany 0
99%
0 France 0
96%
0 Netherlands 0
90%
80 United Kingdom 50
87%
0 Luxembourg 0
85%
254 Switzerland 158
76%
622 Ireland 386
66%
450 Denmark 280
65%
357 Austria 222
59%
734 Norway 456
56%
658 Sweden 409
55%
426 Italy 265
46%
595 Poland 370
42%
372 Liechtenstein 231
37%
404 Czechia 251
27%
657 Monaco 408
23%
785 Slovakia 488
13%
799 San Marino 496
10%
668 Slovenia 415
7%
731 Croatia 454
4%
No matching quizzes found
Score Distribution
Percent of People with Each Score
Percentile by Number Answered
Your Score History
You have not taken this quiz